Formule 1 - Vainqueurs du GP de Silverstone, Angleterre, Royaume-Uni - Statistiques

Statistiques générales
  • Ce quiz a été pris 68 fois
  • Le résultat moyen est 44 sur 60
Statistiques - réponses
Années Pilotes % Correct
2008 Lewis Hamilton
100%
2014 Lewis Hamilton
100%
2015 Lewis Hamilton
100%
2016 Lewis Hamilton
100%
2017 Lewis Hamilton
100%
2019 Lewis Hamilton
100%
2020 Lewis Hamilton
100%
2021 Lewis Hamilton
100%
2024 Lewis Hamilton
100%
1983 Alain Prost
96%
1985 Alain Prost
96%
1989 Alain Prost
96%
1990 Alain Prost
96%
1993 Alain Prost
96%
70e anniversaire Max Verstappen
96%
2023 Max Verstappen
96%
2025 Lando Norris
95%
2009 Sebastian Vettel
95%
2018 Sebastian Vettel
95%
1988 Ayrton Senna
93%
1998 Michael Schumacher
93%
2002 Michael Schumacher
93%
2004 Michael Schumacher
93%
2006 Fernando Alonso
87%
2011 Fernando Alonso
87%
1956 Juan Manuel Fangio
87%
2013 Nico Rosberg
87%
2022 Carlos Sainz
82%
2001 Mika Häkkinen
80%
2007 Kimi Räikkönen
78%
1952 Alberto Ascari
76%
1953 Alberto Ascari
76%
1987 Nigel Mansell
76%
1991 Nigel Mansell
76%
1992 Nigel Mansell
76%
1994 Damon Hill
75%
1996 Jacques Villeneuve
73%
1997 Jacques Villeneuve
73%
2010 Mark Webber
73%
2012 Mark Webber
73%
1969 Jackie Stewart
65%
1971 Jackie Stewart
65%
1950 Giuseppe Farina
64%
1977 James Hunt
64%
2003 Rubens Barrichello
62%
1963 Jim Clark
60%
1965 Jim Clark
60%
1967 Jim Clark
60%
1999 David Coulthard
58%
2000 David Coulthard
58%
1975 Emerson Fittipaldi
58%
2005 Juan Pablo Montoya
51%
1960 Jack Brabham
40%
1979 Clay Regazzoni
29%
1995 Johnny Herbert
22%
1981 John Watson
16%
1958 Peter Collins
15%
1951 José Froilán González
13%
1954 José Froilán González
13%
1973 Peter Revson
7%
Aucun quiz correspondant
Distribution des résultats
% des personnes avec chaque résultat
Percentile par nombre de réponses
Votre historique - résultats
Vous n’avez pas pris ce quiz